书目信息 |
| 题名: |
陈柱讲国学
|
|
| 作者: | 陈柱 著 | |
| 分册: | ||
| 出版信息: | 北京 华文出版社 2009.09 |
|
| 页数: | 390页 | |
| 开本: | 24cm | |
| 丛书名: | 国学经典藏书 | |
| 单 册: | ||
| 中图分类: | Z126.27 | |
| 科图分类: | ||
| 主题词: | 国学--研究--中国 | |
| 电子资源: | ||
| ISBN: | 978-7-5075-2758-2 | |
| 000 | 00859nam 2200265 450 | |
| 001 | 012010610518 | |
| 005 | 20100617144750.53 | |
| 009 | 012004396117 | |
| 010 | @a978-7-5075-2758-2@dCNY29.80 | |
| 100 | @a20100515d2009 em y0chiy0110 ea | |
| 101 | 0 | @achi |
| 102 | @aCN@b110000 | |
| 105 | @aac z 000yy | |
| 200 | 1 | @a陈柱讲国学@Achen zhu jiang guo xue@f陈柱著 |
| 210 | @a北京@c华文出版社@d2009.09 | |
| 215 | @a390页@c图@d24cm | |
| 225 | 2 | @a国学经典藏书@e图文版@i大家讲国学 |
| 308 | @a经典藏书第一辑 | |
| 330 | @a本书选取陈柱著作中有关国学经典与中国散文史的部分内容,以陈柱的视角,阐发宏深,切中时弊,针砭末俗,激动人心。内容包括:“诸子概论”、“中国散文史”两篇十一章。 | |
| 410 | 0 | @12001 @a大家讲国学 |
| 606 | 0 | @a国学@x研究@y中国 |
| 690 | @aZ126.27@v4 | |
| 701 | 0 | @a陈柱@Achen zhu@4著 |
| 801 | 0 | @aCN@c20100515 |
| 905 | @dZ126.27@eC658@f3 | |
| 陈柱讲国学/陈柱著.-北京:华文出版社,2009.09 |
| 390页:图;24cm.-(国学经典藏书:图文版.大家讲国学) |
| ISBN 978-7-5075-2758-2:CNY29.80 |
| 本书选取陈柱著作中有关国学经典与中国散文史的部分内容,以陈柱的视角,阐发宏深,切中时弊,针砭末俗,激动人心。内容包括:“诸子概论”、“中国散文史”两篇十一章。 |
| ● |
| 相关链接 |
|
|
|
正题名:陈柱讲国学
索取号:Z126.27/C658
 
预约/预借
| 序号 | 登录号 | 条形码 | 馆藏地/架位号 | 状态 | 备注 |